000 00330nam a22001457a 4500
008 210312b ||||| |||| 00| 0 eng d
020 _a9780782125566
041 _aeng
080 _a004
082 _a004
100 _a35
101 _aSHKI
245 _aVisual Basic Developer's Guide to ADO
_cGunderloy ,M
942 _2udc
_cBK
999 _c56500
_d56500